Govt. of
Madhya Pradesh

मध्‍यप्रदेश राज्‍य सेवा मुख्‍य परीक्षा सामान्‍य हिन्‍दी (Record no. 54317)

MARC details
000 -LEADER
fixed length control field 00762nam a22001697a 4500
003 - CONTROL NUMBER IDENTIFIER
control field MACL
005 - DATE AND TIME OF LATEST TRANSACTION
control field 20160716154145.0
008 - FIXED-LENGTH DATA ELEMENTS--GENERAL INFORMATION
fixed length control field 160716b xxu||||| |||| 00| 0 eng d
040 ## - CATALOGING SOURCE
Transcribing agency MACL
041 ## - LANGUAGE CODE
Language code of text/sound track or separate title Hindi
082 ## - DEWEY DECIMAL CLASSIFICATION NUMBER
Classification number 001 SHR
100 ## - MAIN ENTRY--PERSONAL NAME
Personal name श्रीवास्‍तव,कुसुमलता
9 (RLIN) 64546
245 ## - TITLE STATEMENT
Title मध्‍यप्रदेश राज्‍य सेवा मुख्‍य परीक्षा सामान्‍य हिन्‍दी
Remainder of title पंचम प्रश्‍न पत्र
Statement of responsibility, etc. कुसुमलता श्रीवास्‍तव
260 ## - PUBLICATION, DISTRIBUTION, ETC. (IMPRINT)
Place of publication, distribution, etc. इन्‍दौर
Name of publisher, distributor, etc. महावीर पब्लिशर्स
650 ## - SUBJECT ADDED ENTRY--TOPICAL TERM
Topical term or geographic name as entry element सामान्‍य ज्ञान
9 (RLIN) 328
942 ## - ADDED ENTRY ELEMENTS (KOHA)
Source of classification or shelving scheme
Koha item type Hindi Books

No items available.